000 00354nam a2200133Ia 4500
005 20251222153548.0
008 251222s9999||||xx |||||||||||||| ||spa||
082 _a301.3/R91
100 _aRubio de Urquía, Francisco
245 0 _aEl Cambio Climático más allá de Kioto:
250 _a1ra.ed.
264 _bMinisterio de Medio Ambiente
942 _cLIB
999 _c30743
_d30743